Propuesta de diseño eléctrico para el proyecto de modernización de la infraestructura de almacenamiento y producción de emulsiones asfálticas: plan piloto en busca de la carbono neutralidad, en el plantel del alto de en la Refinadora Costarricense de Petróleo
Gorde:
| Egile nagusia: | |
|---|---|
| Beste egile batzuk: | |
| Formatua: | Liburua |
| Hizkuntza: | Spanish |
| Argitaratua: |
[San José, Costa Rica]
2015
|
| Gaiak: | |
| Etiketak: |
Etiketa erantsi
Etiketarik gabe, Izan zaitez lehena erregistro honi etiketa jartzen!
|
MARC
| LEADER | 00000nam a22000007a 4500 | ||
|---|---|---|---|
| 003 | 012438 | ||
| 005 | 20230912090543.0 | ||
| 008 | 160805b2015 cr a|||| |||| 00| ||spa d | ||
| 040 | |c cru CEDI | ||
| 090 | |a TFG 7596 | ||
| 100 | |9 1461 |a Jiménez Mora, Pablo José, 1981- | ||
| 245 | |a Propuesta de diseño eléctrico para el proyecto de modernización de la infraestructura de almacenamiento y producción de emulsiones asfálticas: plan piloto en busca de la carbono neutralidad, en el plantel del alto de en la Refinadora Costarricense de Petróleo | ||
| 260 | |a [San José, Costa Rica] |c 2015 | ||
| 300 | |a xiv, 99 hojas; ilustraciones | ||
| 500 | |a Practica dirigida (licenciatura en ingeniería eléctrica)--Universidad de Costa Rica. Facultad de Ingeniería. Escuela de Ingeniería Eléctrica | ||
| 501 | |a Director de Práctica de Graduación: Ing. Randolph Steinvorth Fernández, Ph.D | ||
| 610 | 0 | |9 1101 |a REFINADORA COSTARRICENSE DE PETROLEO | |
| 650 | |x SISTEMAS DE ENERGIA ELECTRICA |x SISTEMAS DE ENERGIA FOTOVOLTAICA |x EMULSIONES ASFALTICAS |x INSTALACIONES ELECTRICAS |x DISTRIBUCION DE ENERGIA ELECTRICA |x SISTEMAS DE ENERGIA FOTOVOLTAICA |9 5270 | ||
| 700 | |9 1463 |a Steinvorth Fernández, Randolph Herbert, 1954- |d Director del TFG | ||
| 942 | |c CEDI | ||
| 999 | |c 17019 |d 17019 | ||
